| 000 | 01056nam a2200265 i 4500 | ||
|---|---|---|---|
| 001 | 115876 | ||
| 003 | ES-MaACL | ||
| 005 | 20251212171854.0 | ||
| 007 | t| | ||
| 008 | 061121s1945 sp a |||| | spa d | ||
| 100 | 1 |
_aOrs, Eugenio d', _d1881-1954 _987358 |
|
| 245 | 1 | 0 |
_aEstilos del pensar _b: Menéndez y Pelayo, Juan Maragall, Juan Luis Vives, San Juan de la Cruz, Ricardo León / _cEugenio d'Ors. |
| 260 |
_aMadrid : _bEdiciones y Publicaciones Españolas, _c1945. |
||
| 300 |
_a158 p. : _bil. ; _c22 cm. |
||
| 490 | 1 |
_aTemas actuales ; _v3 |
|
| 600 | 1 | 4 |
_aMenéndez y Pelayo, Marcelino, _d1856-1912- _xCrítica e interpretación _980334 |
| 600 | 1 | 4 |
_aMaragall, Joan, _d1860-1911 _9152432 |
| 600 | 1 | 4 |
_aVives, Juan Luis, _d1492-1540- _xCrítica e interpretación _9115576 |
| 600 | 0 | 4 |
_aJuan de la Cruz, _cSanto, _d1542-1591 _967110 |
| 600 | 1 | 4 |
_aLeón, Ricardo, _d1877-1943 _971597 |
| 650 | 4 |
_aFilosofía- _zEspaña- _vHistoria. _912844 |
|
| 830 | 1 |
_aTemas actuales ; _v3 _9180872 |
|
| 852 |
_aES-MaACL _jC-11833 |
||
| 999 |
_c115876 _d115876 |
||